1284 1160 1472 1798 1993 1286 1188 1819 1044 1377 1330 1355 1835 1215 1997 1363 1943 1899 1176 1416 1569 1008 1499 1480 1649 1437 1032 1095 1356 1787 1529 1634 1674 1886 1228 1019 1004 1554 1856 1047 1890 1483 1277 1789 1890 1987 1727 1890 1152 1251 1077 1177 1300 1586 1765 1661 1118 1577 1723 1029 1943 1031 1637 1070 1697 1169 1594 1857 1078 1050 1076 1498 1855 1590 1442 1191 1636 1053 1144 1061 1447 1617 1577 1935 1917 1499 1696 1186 1072 1128 1396 1899 1543 1305 1076 1530 1597 1564 1620 BCNSPRNW ULIB Ver.6.0+V

เปลี่ยนเป็นภาษาไทย

Change to English
 แสดงรายละเอียดบรรณานุกรม
  กลับหน้าหลัก

Brief Record : Get Marc (ISO 2709) : E-mail record : QR code < ปิดหน้าต่าง
LEADER : 00000nam 2200000uu 4500
001    13399128770
003     ULIB
008    240904s2562||||th 000 0 tha d
020    ^a9786164976030
060    ^aWP465^bร44ค
100    ^aเรืองศักดิ์ เลิศขจรสุข
245    ^aครรภ์ไข่ปลาอุกและมะเร็งเนื้อรก =^bGestational trophoblastic disease /^cบรรณาธิการโดย : เรืองศักดิ์ เลิศขจรสุข, อาบอรุณ เลิศขจรสุข.
250    ^aพิมพ์ครั้งที่ 1
260    ^aกรุงเทพฯ :^bบริษัท คอนเซ็พท์ เมดิคัส จำกัด,^c2562
300    ^aviii, 240 หน้า^bภาพประกอบ
650    ^aเนื้องอกโทรโฟบลาสติก
650    ^aครรภ์ไข่ปลาอุก
650    ^aครรภ์
650    ^aรก^xมะเร็ง
650    ^aGestational trophoblastic disease
700    ^aอาบอรุณ เลิศขจรสุข
700    ^aพธู ตัณฑ์ไพโรจน์
700    ^aชินา โอฬารรัตนพันธ์
945    ^p490^l0^i30229
945    ^p490^l0^i30230
999    ^aกัณชพร จุลอักษร
รายการนี้ยังไม่มีแท็ก
คุณยังไม่ได้ล็อกอิน คุณสามารถมีกิจกรรมร่วมกับเว็บไซต์ได้ แต่ต้องล็อกอินก่อน ::
  ล็อกอิน

รายการสื่อสารสนเทศ

ลำดับที่ ประเภท เลขเรียก/บาร์โค้ด สถานที่ สถานะ
1. หนังสือสำรอง
หนังสือสำรอง
WP465 ร44ค ฉ.1 
  Barcode: 30229
ห้องสมุดวิทยาเขตนครสวรรค์
►หนังสือทั่วไป:l:General Books
บนชั้น
2. วิทยาศาสตร์การแพทย์ และสุขภาพ
วิทยาศาสตร์การแพทย์ และสุขภาพ
WP465 ร44ค ฉ.2 
  Barcode: 30230
ห้องสมุดวิทยาเขตนครสวรรค์
►หนังสือทั่วไป:l:General Books
บนชั้น

รายการใกล้เคียง
    ผู้แต่ง [เรืองศักดิ์ เลิศขจรสุข]

    หัวเรื่อง [เนื้องอกโทรโฟบลาสติก]
    หัวเรื่อง [ครรภ์ไข่ปลาอุก]
    หัวเรื่อง [ครรภ์]
    หัวเรื่อง [Gestational trophoblastic disease]

BibComment


ยังไม่เคยถูกคอมเมนท์

คอมเมนท์ทรัพยากรรายการนี้
  คอมเมนท์: ครรภ์ไข่ปลาอุกแล..


 Copyright 2026. Bcnsprnw @Library